British war production 1939-1945 ; a record / (Record no. 112629)

MARC details
000 -LEADER
fixed length control field 00495nam a22001697a 4500
003 - CONTROL NUMBER IDENTIFIER
control field BD-ChCU
005 - DATE AND TIME OF LATEST TRANSACTION
control field 20260504115333.0
008 - FIXED-LENGTH DATA ELEMENTS--GENERAL INFORMATION
fixed length control field 260504b -uk ||||| |||| 00| 0 ben d
040 ## - CATALOGING SOURCE
Transcribing agency BD-ChCU
082 ## - DEWEY DECIMAL CLASSIFICATION NUMBER
Edition number 22
Classification number 330.19355 TIB
100 ## - MAIN ENTRY--PERSONAL NAME
Personal name THE TIMES, Comp.
9 (RLIN) 22302
245 ## - TITLE STATEMENT
Title British war production 1939-1945 ; a record /
Statement of responsibility, etc. THE TIMES, Comp.
260 ## - PUBLICATION, DISTRIBUTION, ETC.
Place of publication, distribution, etc. Lond., :
Name of publisher, distributor, etc. Printing House,
Date of publication, distribution, etc. 1945
300 ## - PHYSICAL DESCRIPTION
Extent viii,239p. :
Dimensions 22 cm
650 #0 - SUBJECT ADDED ENTRY--TOPICAL TERM
Topical term or geographic name entry element War - Economic Aspects
9 (RLIN) 22303
942 ## - ADDED ENTRY ELEMENTS (KOHA)
Source of classification or shelving scheme Dewey Decimal Classification
Koha item type Books
Suppress in OPAC No
Holdings
Withdrawn status Lost status Source of classification or shelving scheme Damaged status Not for loan Home library Current library Shelving location Date acquired Source of acquisition Total Checkouts Full call number Barcode Date last seen Price effective from Koha item type
    Dewey Decimal Classification     Chittagong University Library Chittagong University Library Business and Social Science Reading Room 04/05/2026 Purchase   330.19355 TIB 25293 04/05/2026 04/05/2026 Books
© Copyright 2026. Chittagong University Library, Installation and Maintenance by Prof. Dr. Md. Alamgir, 01711306253